<?xml version="1.0" encoding="UTF-8"?>
<collection xmlns="http://www.loc.gov/MARC21/slim">
<record>
  <controlfield tag="001">162491</controlfield>
  <controlfield tag="005">20251017144604.0</controlfield>
  <datafield tag="024" ind1="7" ind2=" ">
    <subfield code="2">doi</subfield>
    <subfield code="a">10.1108/EJIM-05-2019-0116</subfield>
  </datafield>
  <datafield tag="024" ind1="8" ind2=" ">
    <subfield code="2">sideral</subfield>
    <subfield code="a">120165</subfield>
  </datafield>
  <datafield tag="037" ind1=" " ind2=" ">
    <subfield code="a">ART-2020-120165</subfield>
  </datafield>
  <datafield tag="041" ind1=" " ind2=" ">
    <subfield code="a">eng</subfield>
  </datafield>
  <datafield tag="100" ind1=" " ind2=" ">
    <subfield code="a">Ramirez-Aleson, Marisa</subfield>
    <subfield code="u">Universidad de Zaragoza</subfield>
    <subfield code="0">(orcid)0000-0002-9758-0149</subfield>
  </datafield>
  <datafield tag="245" ind1=" " ind2=" ">
    <subfield code="a">Intermediate imports and innovation performance: do family firms benefit more?</subfield>
  </datafield>
  <datafield tag="260" ind1=" " ind2=" ">
    <subfield code="c">2020</subfield>
  </datafield>
  <datafield tag="506" ind1="0" ind2=" ">
    <subfield code="a">Access copy available to the general public</subfield>
    <subfield code="f">Unrestricted</subfield>
  </datafield>
  <datafield tag="520" ind1="3" ind2=" ">
    <subfield code="a">Purpose: The purpose of this paper is to analyze the impact of imported intermediate inputs on innovation performance, differentiating among types of innovation output (product and process innovation) and considering both family and non-family firms in the Spanish context. 
Design/methodology/approach: This paper uses an unbalanced panel of 1963 firms in the Spanish manufacturing sector (13, 155 observations; 2006-2016) that can be identified as family or non-family firms. The authors apply a recently developed methodology (conditional mixed process model) that takes into account the possible relationships among the dependent variables to a panel bivariate probit model with robust standard errors. 
Findings: Importing intermediate inputs is an important source of process innovation for all firms, but not of product innovations. Significant differences were found between family and non-family firms in favor of the family type. 
Research limitations/implications: This paper breaks down the family state into two categories (belonging to a family group or not) because the database does not contain information regarding the percentage of family ownership or the number of family members in the management structure. Moreover, the research is context specific. 
Practical implications: These results will be useful for firms that are considering the value of importing intermediate inputs as a strategy to improve their process innovations, particularly for family firms. 
Social implications: Family firms are more successful in the utilization of imported intermediate inputs to achieve greater innovation performance. If family firms are more competent in leveraging their intermediate input imports in innovation performance, it should contribute to increasing business performance. 
Originality/value: The research on imports takes into account the different impacts of intermediate imports depending on innovation performance (product innovation vs process innovation) and the nature of the firm (family firms vs non-family firms).</subfield>
  </datafield>
  <datafield tag="536" ind1=" " ind2=" ">
    <subfield code="9">info:eu-repo/grantAgreement/ES/AEI-FEDER/ECO2016-77-P</subfield>
    <subfield code="9">info:eu-repo/grantAgreement/ES/DGA-FEDER/S52-17R-COMPETE</subfield>
  </datafield>
  <datafield tag="540" ind1=" " ind2=" ">
    <subfield code="9">info:eu-repo/semantics/openAccess</subfield>
    <subfield code="a">by-nc</subfield>
    <subfield code="u">https://creativecommons.org/licenses/by-nc/4.0/deed.es</subfield>
  </datafield>
  <datafield tag="590" ind1=" " ind2=" ">
    <subfield code="a">4.691</subfield>
    <subfield code="b">2020</subfield>
  </datafield>
  <datafield tag="591" ind1=" " ind2=" ">
    <subfield code="a">BUSINESS</subfield>
    <subfield code="b">65 / 153 = 0.425</subfield>
    <subfield code="c">2020</subfield>
    <subfield code="d">Q2</subfield>
    <subfield code="e">T2</subfield>
  </datafield>
  <datafield tag="591" ind1=" " ind2=" ">
    <subfield code="a">NURSING</subfield>
    <subfield code="b">94 / 346 = 0.272</subfield>
    <subfield code="c">2020</subfield>
    <subfield code="d">Q2</subfield>
    <subfield code="e">T1</subfield>
  </datafield>
  <datafield tag="591" ind1=" " ind2=" ">
    <subfield code="a">MANAGEMENT</subfield>
    <subfield code="b">93 / 225 = 0.413</subfield>
    <subfield code="c">2020</subfield>
    <subfield code="d">Q2</subfield>
    <subfield code="e">T2</subfield>
  </datafield>
  <datafield tag="592" ind1=" " ind2=" ">
    <subfield code="a">0.775</subfield>
    <subfield code="b">2020</subfield>
  </datafield>
  <datafield tag="593" ind1=" " ind2=" ">
    <subfield code="a">Management of Technology and Innovation</subfield>
    <subfield code="c">2020</subfield>
    <subfield code="d">Q2</subfield>
  </datafield>
  <datafield tag="655" ind1=" " ind2="4">
    <subfield code="a">info:eu-repo/semantics/article</subfield>
    <subfield code="v">info:eu-repo/semantics/acceptedVersion</subfield>
  </datafield>
  <datafield tag="700" ind1=" " ind2=" ">
    <subfield code="a">Fernandez-Olmos, Marta</subfield>
    <subfield code="u">Universidad de Zaragoza</subfield>
    <subfield code="0">(orcid)0000-0002-5623-2391</subfield>
  </datafield>
  <datafield tag="710" ind1="2" ind2=" ">
    <subfield code="1">4012</subfield>
    <subfield code="2">650</subfield>
    <subfield code="a">Universidad de Zaragoza</subfield>
    <subfield code="b">Dpto. Direcc.Organiza.Empresas</subfield>
    <subfield code="c">Área Organización de Empresas</subfield>
  </datafield>
  <datafield tag="773" ind1=" " ind2=" ">
    <subfield code="g">23, 5 (2020), 835-855</subfield>
    <subfield code="p">Eur. j. innov. manag.</subfield>
    <subfield code="t">European Journal of Innovation Management</subfield>
    <subfield code="x">1460-1060</subfield>
  </datafield>
  <datafield tag="856" ind1="4" ind2=" ">
    <subfield code="s">324889</subfield>
    <subfield code="u">http://zaguan.unizar.es/record/162491/files/texto_completo.pdf</subfield>
    <subfield code="y">Postprint</subfield>
  </datafield>
  <datafield tag="856" ind1="4" ind2=" ">
    <subfield code="s">1561950</subfield>
    <subfield code="u">http://zaguan.unizar.es/record/162491/files/texto_completo.jpg?subformat=icon</subfield>
    <subfield code="x">icon</subfield>
    <subfield code="y">Postprint</subfield>
  </datafield>
  <datafield tag="909" ind1="C" ind2="O">
    <subfield code="o">oai:zaguan.unizar.es:162491</subfield>
    <subfield code="p">articulos</subfield>
    <subfield code="p">driver</subfield>
  </datafield>
  <datafield tag="951" ind1=" " ind2=" ">
    <subfield code="a">2025-10-17-14:14:55</subfield>
  </datafield>
  <datafield tag="980" ind1=" " ind2=" ">
    <subfield code="a">ARTICLE</subfield>
  </datafield>
</record>
</collection>